| 000 | 00692nam a22002171a 4500 | ||
|---|---|---|---|
| 999 |
_c7982 _d7982 |
||
| 001 | 7982 | ||
| 003 | BD-JhCC | ||
| 005 | 20180310091821.0 | ||
| 008 | 171101s2013 bg |||| ||a| 000 0 ben d | ||
| 035 | _a(BD-JhCC)7982 | ||
| 040 |
_aBD-JhCC _dBD-JhCC |
||
| 041 | _aben | ||
| 082 |
_a303.69095492 _bRAH 2013 |
||
| 100 | _aরহমান, আতিকুর | ||
| 245 |
_aপার্বত্য চুক্তি ও ভূমি / _cআতিকুর রহমান |
||
| 260 |
_aঢাকা : _bপর্বত প্রকাশনী, _c২০১৩. |
||
| 300 |
_a232 p.: _c22 cm. |
||
| 650 |
_aChittagong Hill Tracts _zBangladesh |
||
| 942 |
_2ddc _cBK |
||